000 00235nam a2200097Ia 4500
008 240331s9999 xx 000 0 und d
082 _bREA
100 _aBhasin, K. ed
245 0 _aReadings on poverty politics and development
942 _cL
999 _c4393
_d4393